Exploring desktop publishing : a projects approach /
THis book is about: Introducion to typing text and drawing; Using special effects; Creating tables; Importing OLE composition and layout.
Kaydedildi:
| Yazar: | |
|---|---|
| Materyal Türü: | Kitap |
| Dil: | English |
| Baskı/Yayın Bilgisi: |
Cincinnati, Ohio :
South-Western Educational,
1998.
|
| Konular: | |
| Etiketler: |
Etiketle
Etiket eklenmemiş, İlk siz ekleyin!
|
| Thư viện lưu trữ: | Mạng thư viện Đại học Đà Nẵng |
|---|
| LEADER | 01133cam a2200349 i 4500 | ||
|---|---|---|---|
| 001 | 000049482 | ||
| 003 | 9231 | ||
| 005 | 20051111143709.0 | ||
| 008 | 010322b1998 vm 000 eng | ||
| 020 | |a 053871803X | ||
| 040 | |a IRC |c IRC |d IRC | ||
| 041 | 0 | |a eng | |
| 082 | 1 | 4 | |a 686.22544536 |b KO-S |
| 100 | 1 | |a Korb, Scott D. | |
| 245 | 0 | 0 | |a Exploring desktop publishing : |b a projects approach / |c Scott D. Korb ; reviewers: Rose Corgan, Priscilla Kotyk. |
| 260 | |a Cincinnati, Ohio : |b South-Western Educational, |c 1998. | ||
| 300 | |a v, 85 p. : |b ill. ; |c 27cm. | ||
| 520 | 3 | |a THis book is about: Introducion to typing text and drawing; Using special effects; Creating tables; Importing OLE composition and layout. | |
| 630 | 0 | 4 | |a Desktop publishing. |
| 650 | 0 | 4 | |a Desktop publishing. |
| 650 | 0 | 4 | |a Desktop publishing |x Problems, exercises, etc. |
| 650 | 0 | 4 | |a Word processing in education. |
| OWN | |a DUT | ||
| 999 | |a From the UDN01 | ||
| TYP | |a Monograph | ||
| TYP | |a Printed language | ||
| 980 | |a Mạng thư viện Đại học Đà Nẵng | ||


